000 00272nam a2200109Ia 4500
008 200302s9999 xx 000 0 und d
100 _aMadhav Deobhakta
245 _aArchitectural Practice in India
260 _bDesign directions Pvt. Ltd.
260 _c2007
300 _a198
999 _c3678
_d3678